| 000 | 00865nam a2200265 a 4500 | ||
|---|---|---|---|
| 001 | BRCA_4369 | ||
| 005 | 20190320204638.0 | ||
| 008 | 051208s1952----mx-a---###---#000-0#spa-u | ||
| 041 | _aspa | ||
| 044 | _amx | ||
| 050 | 4 |
_aF1386 _b.V54 2 _c1952 |
|
| 100 | 1 |
_aViera, Juan de _97751 |
|
| 245 | 1 | 0 |
_aCompendiosa narración de la Ciudad de México _cJuan de Viera ; prólogo y notas de Gonzalo Obregon. |
| 260 |
_aMéxico _bGuarania _c1952 |
||
| 300 |
_a123 p. _bil. _c25 cm. |
||
| 440 | 0 |
_aColección Nezahualcóyotl _v2 _911134 |
|
| 500 | _aFacsímil de: Breve compendiossa naracion de la ciudad de México, 1777 | ||
| 500 | _aEjemplar igual a AA73 e Y180 | ||
| 500 | _aB181 | ||
| 651 | 4 |
_aMéxico (Ciudad) _xDescripción _96858 |
|
| 651 | 4 |
_aMéxico (Ciudad) _xHistoria _95378 |
|
| 700 | 1 |
_aObregon, Gonzalo _eProloguista _9811 |
|
| 902 | _aGFM | ||
| 942 |
_2lcc _cB |
||
| 999 |
_c4080 _d4080 |
||